000 00656nam a2200205Ii 4500
003 JO-AjNU
008 230605s9999||||xx |||||||||||||| ||und||
040 _aJO-AjNU
_bara
_erda
_cJO-AjNU
041 _aara
050 1 4 _aPJ7527.N326 2005
100 3 _aالندوي، محمد واضح رشيد الحسني,
_eauthor
_924581
245 0 0 _aأدب الصحوة الإسلامية
250 _aط1
264 3 1 _aدمشق: دار إبن كثير، 2005
300 _a103ص
336 _atext
_btxt
_2rdacontent
337 _aunmediated
_bn
_2rdamedia
338 _avolume
_bnc
_2rdacarrier
650 4 _aالأدب - الصحوة الإسلامية
_924582
999 _aA9074
_c12642
_d12642